| 000 | 00342nam a2200145Ia 4500 | ||
|---|---|---|---|
| 008 | 230917s9999||||xx |||||||||||||| ||und|| | ||
| 040 |
_e100318 _aMAIN |
||
| 041 | _aEnglish | ||
| 082 | _a005.133 N153N | ||
| 100 | _aNance, Barry | ||
| 245 | 0 | _aNetwork programming in C | |
| 260 |
_aNew Delhi _bPHI _c1990 |
||
| 300 | _a647 p. | ||
| 942 | _cBK | ||
| 999 |
_c121599 _d121599 |
||